000 00452nam a2200169Ia 4500
003 GCL
008 140319s9999 xx 000 0 eng d
040 _aGCL /
_cGCL
082 0 4 _a940.53
_bD O
100 1 _aDEAR, I.C.B.
245 1 0 _aTHE OXFORD COMPANION TO THE SECOND WORLD WAR /
_cDEAR, I.C.B.
700 1 _aFOOT, M.R.D.
260 _a[S.N] :
_bOXFORD UNIVERSITY PRESS ،
_c1995
300 _a1343 P
650 0 4 _aWORLD WAR II
942 _2ddc
_cBK
999 _c24632
_d24632